| 000 | 02433nam a2200205Ia 4500 | ||
|---|---|---|---|
| 003 | Ost | ||
| 005 | 20260507075725.0 | ||
| 008 | 260507s9999||||xx |||||||||||||| ||und|| | ||
| 020 | _a6380279977 | ||
| 040 | _cfsecg | ||
| 041 | _aara | ||
| 082 | _a363.7 | ||
| 100 |
_aعبد البديع، محمد _eمؤلف |
||
| 245 | 0 |
_aاقتصاد حماية البيئة / _c محمد عبد البديع |
|
| 260 |
_aمصر: _bدار امين, _c2003 |
||
| 300 |
_a427 صفحة؛ _c24 سم |
||
| 520 | _aمحتويات الكتاب مقدمة ، تمهيد ، اتجاهات الدراسة ، مقصد الدراسة. الفصل الأول: توازن البيئة واضطرابها: (مكونات البيئة – توازن البيئة – اضطراب البيئة – حماية البيئة مشكلة اقتصادية). الفصل الثاني: استنزاف الموارد الطبيعية: (مظاهر استنزاف الموارد الطبيعية – تخصيص الموارد الاقتصادية – تخصيص الموارد الطبيعية). الفصل الثالث: التبعات الاقتصادية للتلوث: (ظاهرة التلوث وأخطارها – المواجهة الاقتصادية للتلوث – أساليب مواجهة التلوث). الفصل الرابع: الانفجار السكاني: (أعراض الانفجار السكاني – أسباب الانفجار السكاني – مضاعفات الانفجار السكاني). الفصل الخامس: نقص الغذاء (مظاهر نقص الغذاء – أسباب نقص الغذاء – تحقيق الأمن الغذائي). الفصل السادس: تقييم الآثار البيئية (مدلول تقييم الآثار البيئية – عناصر تقييم الآثار البيئية – تحليل النفقة والعائد). الفصل السابع: البيئة والتنمية (معضلة التنمية والبيئة – نظرية حدود النمو – نظرية التنمية المتواصلة). الفصل الثامن: البيئة والتنمية في مصر (استنزاف الأراضي الزراعية والمياه العذبة – تلوث البيئة في مصر – الانفجار السكاني في مصر نقص الغذاء في مصر). نظرة في قانون البيئة ؛ الملاحق ؛ خاتمة. | ||
| 653 | _aاقتصاد -بيئة | ||
| 942 | _cكتاب | ||
| 999 |
_c45968 _d45968 |
||